000 01225cam a2200313 i 4500
999 _c529345
_d529345
001 1775297
003 NUST
005 20190924141240.0
008 771007s1977 dcua b 000 0 eng
010 _a 77010359
020 _a0309025427 :
_c$4.80
038 _aMSOHAIL
040 _aDLC
_cDLC
_dDLC
050 0 0 _aTG326
_b.N37 1977
082 0 0 _a624.257
110 2 _aNational Research Council (U.S.).
_bTransportation Research Board.
_919676
245 1 0 _aBridge bearings.
260 _aWashington :
_bTransportation Research Board, National Research Council,
_c1977.
300 _a62 p. :
_bill. ;
_c28 cm.
440 0 _aSynthesis of highway practice ;
_v41
_921246
500 _a"Research sponsored by the American Association of State Highway and Transportation Officials in cooperation with the Federal Highway Administration."
500 _a"Project 20-5 FY '74 (Topic 6-09)."
504 _aIncludes bibliographical references.
650 0 _aBridges
_xBearings.
_921247
710 2 _aAmerican Association of State Highway and Transportation Officials.
_919553
710 1 _aUnited States.
_bFederal Highway Administration.
_920149
906 _a7
_bcbc
_corignew
_d2
_eocip
_f19
_gy-gencatlg
942 _2ddc
_cBK